Pathophysiology & pharmacology in nursing / (Record no. 172613)

MARC details
000 -LEADER
fixed length control field 00997nam a22003018i 4500
001 - CONTROL NUMBER
control field 019419894
003 - CONTROL NUMBER IDENTIFIER
control field Uk
005 - DATE AND TIME OF LATEST TRANSACTION
control field 20260207103412.0
008 - FIXED-LENGTH DATA ELEMENTS--GENERAL INFORMATION
fixed length control field 190522s2019 cau o 000|0|eng|d
020 ## - INTERNATIONAL STANDARD BOOK NUMBER
Canceled/invalid ISBN 9781526432117 (Paperback.)
Terms of availability £22.99
040 ## - CATALOGING SOURCE
Original cataloging agency StDuBDS
Language of cataloging eng
Transcribing agency NUST
Description conventions rda
Modifying agency NUST
050 ## - LIBRARY OF CONGRESS CALL NUMBER
Classification number RT65 ASH
100 1# - MAIN ENTRY--PERSONAL NAME
Personal name Ashelford, Sarah,
Relator term author.
245 10 - TITLE STATEMENT
Title Pathophysiology & pharmacology in nursing /
Statement of responsibility, etc. Sarah Ashelford.
250 ## - EDITION STATEMENT
Edition statement Second edition.
260 ## - PUBLICATION, DISTRIBUTION, ETC.
Place of publication, distribution, etc. London ;
Name of publisher, distributor, etc. SAGE ,
Date of publication, distribution, etc. ©2019.
300 ## - PHYSICAL DESCRIPTION
Extent x, 427 pages ;
Other physical details illustrations,
Dimensions 25 cm
336 ## - CONTENT TYPE
Content type term text
Source rdacontent
Content type code txt
337 ## - MEDIA TYPE
Media type term computer
Source rdamedia
Media type code n
338 ## - CARRIER TYPE
Carrier type term online resource
Source rdacarrier
Carrier type code nc
504 ## - BIBLIOGRAPHY, ETC. NOTE
Bibliography, etc. note Including Bibliographical References and index
650 #0 - SUBJECT ADDED ENTRY--TOPICAL TERM
Topical term or geographic name entry element Pharmacology.
650 #0 - SUBJECT ADDED ENTRY--TOPICAL TERM
Topical term or geographic name entry element Physiology, Pathological.
650 #0 - SUBJECT ADDED ENTRY--TOPICAL TERM
Topical term or geographic name entry element Nursing.
700 1# - ADDED ENTRY--PERSONAL NAME
Personal name Raynsford, Justine,
Relator term author.
700 1# - ADDED ENTRY--PERSONAL NAME
Personal name Taylor, Vanessa
Relator term author.
942 ## - ADDED ENTRY ELEMENTS (KOHA)
Source of classification or shelving scheme Library of Congress Classification
Suppress in OPAC No
Koha item type Ordinary Loan Books
Edition Second Edition
Classification part RT65ASH
Call number prefix RT
Call number suffix ASH
Holdings
Withdrawn status Lost status Source of classification or shelving scheme Damaged status Not for loan Collection Home library Current library Shelving location Date acquired Source of acquisition Cost, normal purchase price Total Checkouts Full call number Barcode Date last seen Accession number Cost, replacement price Price effective from Koha item type Public note
    LCC     NFIC MAIN MAIN GEN 02/04/2026 Book Aid International 55.00   RT65 ASH 92004057993 02/04/2026 63496 55.00 02/04/2026 BOOKS Donation
    LCC     NFIC MAIN MAIN GEN 02/04/2026 Book Aid International 55.00   RT65 ASH 92004057909 02/04/2026 63495 55.00 02/04/2026 BOOKS Donation